Neser‘jeznyje razskazy /

Hlavní autor: Černyj, Saša, 1880-1932
Jazyk: Ruština
Vydáno: Pariž : ["Moskva"], 1928
Témata:
Fyzický popis: 156 s.
Knihy
Uloženo v:
LEADER 00725nam a22002292a 4500
001 001897331
003 CZ BrMZK
005 20240530142543.0
007 ta
008 240530s1928 fr er|||||||||||rus d
040 |a ABA004  |b cze  |d BOA001 
072 7 |a 821.161.1  |x Ruská literatura, rusky psaná  |2 Konspekt  |9 25 
080 |a 882-32  |2 MRF-sel 
100 1 |a Černyj, Saša,  |d 1880-1932  |7 jo2003168145  |4 aut 
245 1 0 |a Neser‘jeznyje razskazy /  |c A Černyj 
260 |a Pariž :  |b ["Moskva"],  |c 1928 
300 |a 156 s. 
655 7 |a ruské povídky  |7 fd133318  |2 czenas 
910 |a BOA001  |b 1-0193.742 
990 |a BK 
991 |b 202405 
996 6 |b BC-2500097  |c 1-0193.742  |l MZK  |r Sklad / do 1 hodiny  |n 0  |w 001965869  |u 000010  |a 1  |e BOA001  |j MZK50  |s P